| 000 | 00423nam a22001457a 4500 | ||
|---|---|---|---|
| 999 |
_c8076 _d8076 |
||
| 003 | OSt | ||
| 005 | 20200706110655.0 | ||
| 008 | 200706b ||||| |||| 00| 0 eng d | ||
| 020 | _a9781906506308 | ||
| 082 |
_a720.797 _bDRI |
||
| 100 | _a Driehaus Richard H | ||
| 245 | _aTimeless architecture : a decade of the Richard H. Driehaus Prize at the University of Notre Dame | ||
| 260 |
_bPapadakis Dist A C _c 2013 |
||
| 942 | _2ddc | ||